Vista normal Vista MARC

Entrada Materia (personas)

Número de registros utilizados en: 1

001 - CONTROL NUMBER

  • control field: 62626

003 - CONTROL NUMBER IDENTIFIER

  • control field: Co-BoUCM

005 - DATE AND TIME OF LATEST TRANSACTION

  • control field: 20140702105302.0

008 - FIXED-LENGTH DATA ELEMENTS

  • fixed length control field: 140702|| aca||aabn | a|a d

040 ## - CATALOGING SOURCE

  • Original cataloging agency: Co-BoUCM
  • Transcribing agency: Co-BoUCM

100 ## - HEADING--PERSONAL NAME

  • Personal name: López Serrano, Juan.
  • Number of part/section of a work: Los vocabularios de Cicerón

670 ## - SOURCE DATA FOUND

  • Source citation: Work cat.: (Co-BoUCM)72434: Nebrija, Antonio de, 1444?-1522 62624, Dictionarium Aelii Antonii Nebrissensis ... imo quadruplex eiusdem antiqui Dictionarii supplementum ... Praeter Joannis Lopez Serrani malacitani labores ex Ciceronis lexicis et historicis multa quae desiderabantur, addita ... Accesserunt permultae dictiones tum ex Sacrarum Litterarum tum ex utriusque iuris voluminibus ... Posita sunt etiam omnia recognita, et ab innumeris quibus scatebat mendis vindicata ... Studio & diligentia L. D. Ioannis Gonzalez Marique, 1751